000 00670cam a2200145 4500500
005 20260111142256.0
041 _afre
042 _adc
100 1 0 _aMoureau, François
_eauthor
245 0 0 _aÉlise Dutray-Lecoin, Martine Lefèvre et Danielle Muzerelle (dir.), Les Plaisirs de l’Arsenal. Poésie, musique, danse et érudition au 17e et au 18e siècles, Paris, Classiques Garnier, coll. « Rencontres » 369, 2018, 747 p.
260 _c2020.
500 _a15
786 0 _nDix-huitième siècle | 52 | 1 | 2020-10-01 | p. LXXXI-LXXXI | 0070-6760
856 4 1 _uhttps://shs.cairn.info/revue-dix-huitieme-siecle-2020-1-page-LXXXI?lang=fr&redirect-ssocas=7080
999 _c1635850
_d1635850